|
|
|
|
| LEADER |
00000nam0a2200000 4500 |
| 001 |
178076 |
| 005 |
20231101223400.0 |
| 010 |
|
|
|a 9785769566196
|
| 035 |
|
|
|a (RuTPU)RU\TPU\book\193060
|
| 035 |
|
|
|a RU\TPU\book\132594
|
| 090 |
|
|
|a 178076
|
| 100 |
|
|
|a 20071004d2009 m y0rusy50 ca
|
| 101 |
0 |
|
|a rus
|
| 102 |
|
|
|a RU
|
| 105 |
|
|
|a a j 001zy
|
| 200 |
1 |
|
|a Экономические основы социальной работы
|e учебное пособие для вузов
|f Т.С. Пантелеева, Г. А. Червякова
|
| 205 |
|
|
|a 2-е изд., стер.
|
| 210 |
|
|
|a Москва
|c Академия
|d 2009
|
| 215 |
|
|
|a 192 с.
|c ил.
|
| 225 |
1 |
|
|a Высшее профессиональное образование. Социальная работа
|
| 320 |
|
|
|a Рекомендуемая литература: с. 188-189.
|
| 330 |
|
|
|a В учебном пособии дается целостное представление об экономических основах социальной работы, рассматриваются теоретико-методологические и практические вопросы организации, ресурсного обеспечения и эффективного хозяйствования в сфере социальной работы. Указаны основные нормативные документы, касающиеся этих проблем. Для студентов вузов, обучающихся по специальности «Социальная работа». Может быть рекомендовано преподавателям, специалистам по социальной работе.
|
| 451 |
|
1 |
|0 (RuTPU)RU\TPU\book\13134
|y 5-691-00396-8
|t Экономические основы социальной работы
|o учебное пособие
|f Т. С. Пантелеева, Г. А. Червякова
|c М.
|n Владос
|d 1999
|p 160 с.
|s Учебное пособие для вузов
|a Пантелеева, Татьяна Сергеевна
|
| 606 |
1 |
|
|a Социальная работа
|x Практика
|2 stltpush
|3 (RuTPU)RU\TPU\subj\36957
|9 58148
|
| 610 |
1 |
|
|a социология
|
| 610 |
1 |
|
|a экономика
|
| 610 |
1 |
|
|a экономико-методологические основы
|
| 610 |
1 |
|
|a правовые основы
|
| 610 |
1 |
|
|a социально-ориентированная экономика
|
| 610 |
1 |
|
|a население
|
| 610 |
1 |
|
|a материальное благосостояние
|
| 610 |
1 |
|
|a финансовые основы
|
| 610 |
1 |
|
|a финансирование
|
| 610 |
1 |
|
|a налоги
|
| 610 |
1 |
|
|a благотворительность
|
| 610 |
1 |
|
|a социальные службы
|
| 610 |
1 |
|
|a социальные услуги
|
| 610 |
1 |
|
|a бухгалтерский учет
|
| 610 |
1 |
|
|a налогообложение
|
| 610 |
1 |
|
|a оплата труда
|
| 610 |
1 |
|
|a эффективность
|
| 610 |
1 |
|
|a учебные пособия
|
| 686 |
|
|
|a У9(2)272я73
|v LBC/SL-A
|2 rubbk
|
| 700 |
|
1 |
|a Пантелеева
|b Т.С.
|g Татьяна Сергеевна
|
| 701 |
|
1 |
|a Червякова
|b Г. А.
|g Галина Александровна
|
| 801 |
|
1 |
|a RU
|b 63413507
|c 20100402
|
| 801 |
|
2 |
|a RU
|b 63413507
|c 20150731
|g RCR
|
| 942 |
|
|
|c BK
|
| 959 |
|
|
|a 20/20100322
|d 2
|e 269,50
|f АНЛ:1
|f ЧЗГЛ:1
|